| 000 | 01621nam0a22002531 4500 | ||
|---|---|---|---|
| 001 | rc\2377875 | ||
| 005 | 20250623005642.0 | ||
| 035 | _a(NLR Aleph) 006500912 | ||
| 090 |
_a6230308 _c6230308 |
||
| 100 | _a20110829d1978 |||y0rusy50 ca | ||
| 101 | 0 | _arus | |
| 102 | _aRU | ||
| 105 | _ay z ||||| | ||
| 200 | 1 |
_aРазработать научные основы и методы интенсификации кормопроизводства и улучшения качества кормов по зонам страны _eКоординац. отчет о выполн. науч. исслед. по заданию 01... за 1977 год _fМСХ СССР, ВНИИ кормов им. В.Р. Вильямса _gРуководитель В.И. Игловиков _hПробл. 0.51.04 _iРазработать научные основы реконструкции природных кормовых угодий, приемы создания и использования пастбищ и сенокосов интенсивного типа, обеспечивающие по зонам страны продуктивность 6-15 тыс. кормовых единиц с 1 га, повышение качество корма и животноводческой продукции |
|
| 210 |
_aМосква _cБ. и. _d1978 |
||
| 215 | _a65 с. | ||
| 300 | _aНа обл. только другое загл. | ||
| 333 | _aДСП. Экз. № 6 | ||
| 702 | 1 |
_aИгловиков _bВ.И. _4570 |
|
| 801 | 0 |
_aRU _bNLR _gpsbo |
|
| 801 | 1 |
_aRU _bELAR _2rusmarc |
|
| 852 |
_aNLR _j78-50К/4804 |
||
| 942 | _cBOOK | ||
| 980 | _aNB | ||